000 00705nam a2200241 a 4500
001 58051
003 BD-RjUL
005 20211209080600.0
008 161215s1987 nyua b 001 0 eng
020 _a0070449589
035 _a(BD-RjUL) 58175
040 _aDLC
_cDLC
_dDLC
_dBD-RjUL
_beng
041 _aeng
082 0 0 _a330
_223
_bMCE 1987
100 1 _aMcConnell, Campbell R.
_9172353
245 1 0 _aEconomics :
_bprinciples, problems and policies /
_cCampbell R. McConnell.
250 _a10th ed.
260 _aNew York :
_bMcGraw-Hill,
_cc1987.
300 _axxxi, 914 p. :
_bcol. ill. ;
_c24 cm.
504 _aIncludes bibliographies and index.
650 0 _aEconomics.
_9170576
942 _2ddc
_cBK
999 _c58051
_d58051